Fitting a pattern alteration: (Record no. 766)

MARC details
000 -LEADER
fixed length control field 00787nam a22002177a 4500
005 - DATE AND TIME OF LATEST TRANSACTION
control field 20230131032200.0
008 - FIXED-LENGTH DATA ELEMENTS--GENERAL INFORMATION
fixed length control field 230131b |||||||| |||| 00| 0 eng d
020 ## - INTERNATIONAL STANDARD BOOK NUMBER
International Standard Book Number 978-1-6289-2972-0
082 ## - DEWEY DECIMAL CLASSIFICATION NUMBER
Classification number 646.408 L718 2016
100 ## - MAIN ENTRY--PERSONAL NAME
Personal name Liechty, Elizabeth
Relator term author
245 ## - TITLE STATEMENT
Title Fitting a pattern alteration:
Remainder of title a multi-method approach to the art of style selection, fitting, and alteration /
Statement of responsibility, etc. Elizabeth Liechty, Judith Racband, Della Potterberg-Steineckert
250 ## - EDITION STATEMENT
Edition statement 3rd ed.
260 ## - PUBLICATION, DISTRIBUTION, ETC.
Place of publication, distribution, etc. New York:
Name of publisher, distributor, etc. Bloomsberry Publishing,
Date of publication, distribution, etc. c2016.
300 ## - PHYSICAL DESCRIPTION
Extent xi, 484p.;
Other physical details ill.
504 ## - BIBLIOGRAPHY, ETC. NOTE
Bibliography, etc. note Includes index
541 ## - IMMEDIATE SOURCE OF ACQUISITION NOTE
Accession number 5863
650 ## - SUBJECT ADDED ENTRY--TOPICAL TERM
Topical term or geographic name entry element Dressmaking - Patterns
650 ## - SUBJECT ADDED ENTRY--TOPICAL TERM
Topical term or geographic name entry element Clothing and dress - Alterations
700 ## - ADDED ENTRY--PERSONAL NAME
Personal name Racband, Judith
Relator term author
700 ## - ADDED ENTRY--PERSONAL NAME
Personal name Steineckert, Della P.
Relator term author
Holdings
Withdrawn status Lost status Source of classification or shelving scheme Damaged status Not for loan Home library Current library Date acquired Total Checkouts Full call number Barcode Date last seen Copy number Price effective from Koha item type
    Dewey Decimal Classification     ctu-moalboal ctu-moalboal 01/14/2019   646.408 L718 2016 5863 01/31/2023 1 01/31/2023 Books-Reference